[Event "TCh-RUS Women 2020"]
[Site "Sochi RUS"]
[Date "2020.11.19"]
[Round "1.1"]
[Board "1"]
[White "Getman, Tatyana"]
[Black "Pogonina, Natalija"]
[Result "0-1"]
[WhiteTitle "WFM"]
[BlackTitle "WGM"]
[WhiteElo "2303"]
[BlackElo "2475"]
[WhiteTeam "SShOR ShSh-2 (g.Sankt-Peterburg)"]
[BlackTeam "Yugra (KhMAO-Yugra)"]
[WhiteFideId "34166146"]
[BlackFideId "4147855"]
[EventDate "2020.11.19"]

1. d4 Nf6 2. c4 e6 3. Nc3 Bb4 4. Qc2 O-O 5. e4 d6 6. Bd3 e5 7. d5 Nbd7 8. Ne2 c6
9. O-O h6 10. Ng3 Re8 11. a3 Ba5 12. b4 Bc7 13. f3 Bb6+ 14. Kh1 Nf8 15. Rd1 Ng6
16. Nce2 c5 17. Nf5 Bxf5 18. exf5 Nf8 19. Be4 cxb4 20. axb4 Rc8 21. Bd2 N8d7 22.
Rdc1 a6 23. Ra3 Ba7 24. Qd3 Nxe4 25. fxe4 Qh4 26. g3 Qh3 27. Be3 Bxe3 28. Qxe3
Qg4 29. Qd3 Nf6 30. Nc3 b5 31. Rxa6 Rxc4 32. Re1 Rxb4 33. Rb6 Rc8 34. Rc6 Ra8
35. Qe2 Qxe2 36. Rxe2 Rb3 37. Kg2 Ra1 38. Rc2 Ng4 39. Re2 h5 40. Rc8+ Kh7 41.
Rc6 Nf6 42. Rc2 Raa3 43. Rc7 Ng4 44. Nd1 Rd3 45. Nf2 Ne3+ 46. Kh3 Nxc2 47. Nxd3
Ne3 48. Ne1 f6 49. Nc2 Nxc2 50. Rxc2 Re3 51. Rc6 Rxe4 52. Rxd6 Rd4 53. Kg2 Rd2+
54. Kg1 h4 55. gxh4 b4 56. Rb6 Rxd5 57. Rxb4 Rd4 58. Rb3 Rxh4 59. Rg3 Rh5 60.
Rf3 Kh6 61. Kh1 Rh4 62. Rg3 Kh7 63. Kg2 Rf4 64. Rh3+ Kg8 65. Rh5 Rg4+ 66. Kf3
Rg1 67. Kf2 Rd1 68. Ke2 Rd4 69. Kf3 Kf7 70. Kg3 Rf4 71. h3 Kg8 72. Kg2 g6 73.
fxg6 Kg7 74. Rh7+ Kxg6 75. Ra7 e4 76. Re7 f5 77. Re8 Rf3 78. h4 Kh5 79. Rh8+ Kg4
80. h5 Rg3+ 81. Kf2 e3+ 82. Ke2 f4 83. h6 Rg2+ 84. Kf1 Kf3 85. Re8 e2+ 86. Ke1
Rg1+ 0-1

[Event "TCh-RUS Women 2020"]
[Site "Sochi RUS"]
[Date "2020.11.19"]
[Round "1.3"]
[Board "1"]
[White "Zherebtsova, Alexandra"]
[Black "Bodnaruk, Anastasia"]
[Result "1/2-1/2"]
[WhiteTitle "WFM"]
[BlackTitle "IM"]
[WhiteElo "2204"]
[BlackElo "2414"]
[WhiteTeam "Amazonki QDDA (Kurskaya oblast)"]
[BlackTeam "SShOR ShSh-1 (g.Sankt-Peterburg)"]
[WhiteFideId "24129518"]
[BlackFideId "4181751"]
[EventDate "2020.11.19"]

1. d4 Nf6 2. c4 g6 3. Nc3 Bg7 4. e4 d6 5. Be2 O-O 6. Be3 c5 7. d5 e6 8. Nf3 exd5
9. cxd5 Bg4 10. Nd2 Bxe2 11. Qxe2 Re8 12. O-O Na6 13. Rab1 Nc7 14. b4 Nd7 15.
Nb5 Nxb5 16. Qxb5 b6 17. a3 a6 18. Qe2 b5 19. bxc5 dxc5 20. a4 bxa4 21. Qd3 Ne5
22. Qa3 Qa5 23. Qxc5 Qxc5 24. Bxc5 Nd3 25. Bd6 Rac8 26. Rb7 Bd4 27. Nf3 Rxe4 28.
Ng5 Nxf2 29. Nxf7 Rh4 30. Be5 Be3 31. Nd6 Nd3+ 32. Kh1 Nf2+ 33. Kg1 Nd3+ 34. Kh1
Nf2+ 1/2-1/2

[Event "TCh-RUS Women 2020"]
[Site "Sochi RUS"]
[Date "2020.11.19"]
[Round "1.3"]
[Board "4"]
[White "Styazhkina, Anna"]
[Black "Mukhina, Jana"]
[Result "1-0"]
[WhiteTitle "WIM"]
[BlackTitle "WFM"]
[WhiteElo "2319"]
[BlackElo "2012"]
[WhiteTeam "SShOR ShSh-1 (g.Sankt-Peterburg)"]
[BlackTeam "Amazonki QDDA (Kurskaya oblast)"]
[WhiteFideId "24119300"]
[BlackFideId "34115428"]
[EventDate "2020.11.19"]

1. e4 e5 2. Nf3 Nc6 3. Bc4 Bc5 4. d3 Nf6 5. O-O O-O 6. a4 a6 7. Nbd2 d6 8. c3
Be6 9. Re1 Ba7 10. h3 Bxc4 11. Nxc4 b5 12. Ne3 d5 13. Qc2 d4 14. Nf5 g6 15. cxd4
Nxd4 16. N5xd4 Bxd4 17. Bg5 h6 18. Bxh6 Re8 19. Nxd4 Qxd4 20. axb5 Qb6 21. bxa6
Rxa6 22. Rxa6 Qxa6 23. Rc1 Re6 24. Qc5 Qd6 25. Qxc7 Qxd3 26. Qb8+ Re8 27. Rc8
Rxc8 28. Qxc8+ Kh7 29. Qf8 Nh5 30. Bg5 Qb1+ 31. Kh2 Qxe4 32. Qxf7+ Ng7 33. f3
Qd4 34. Qe7 Kh8 35. f4 Kh7 36. Qxe5 Qxe5 37. fxe5 Ne6 38. Bf6 Kg8 39. g4 Kf7 40.
Kg3 Ke8 41. h4 Kf7 42. b4 Nd4 43. Kf4 Ne6+ 44. Ke4 Ke8 45. Kd5 Kd7 46. b5 Nc7+ 1-0

[Event "TCh-RUS Women 2020"]
[Site "Sochi RUS"]
[Date "2020.11.19"]
[Round "1.4"]
[Board "1"]
[White "Vasilevich, Tatjana"]
[Black "Kochukova, Anna"]
[Result "1-0"]
[WhiteTitle "IM"]
[BlackTitle "WFM"]
[WhiteElo "2353"]
[BlackElo "2111"]
[WhiteTeam "Kimmeriya (Respublika Krym)"]
[BlackTeam "Turbonasos (Voronezhskaya oblast)"]
[WhiteFideId "14101610"]
[BlackFideId "24173932"]
[EventDate "2020.11.19"]

1. e4 c5 2. Nf3 e6 3. d4 cxd4 4. Nxd4 Nc6 5. Nb5 d6 6. Bf4 e5 7. Be3 Nf6 8. Bg5
Qa5+ 9. Bd2 Qd8 10. Bg5 Qa5+ 11. Qd2 Nxe4 12. Qxa5 Nxa5 13. Be3 Kd7 14. Bxa7 Be7
15. f3 Nf6 16. N1c3 Nc6 17. Bf2 Nb4 18. Rc1 Nfd5 19. Nxd5 Nxd5 20. Bc4 Nf4 21.
g3 Ne6 22. O-O Bd8 23. Rcd1 Bc7 24. Be3 Bb8 25. Nc3 Rd8 26. f4 Ke8 27. Nb5 Ra6
28. a3 Bd7 29. Nc3 Ra8 30. Rd2 f6 31. Rfd1 Rc8 32. Bb3 Nd8 33. fxe5 fxe5 34. Ne4
Bg4 35. Rf1 Ra6 36. Rdf2 Bh3 37. Rf8+ Kd7 38. Rd1 Bg4 39. Rd2 b6 40. Rg8 Be6 41.
Rxg7+ Kc6 42. Rxh7 b5 43. Rh6 1-0

[Event "TCh-RUS Women 2020"]
[Site "Sochi RUS"]
[Date "2020.11.19"]
[Round "1.5"]
[Board "1"]
[White "Grigorieva, Yulia"]
[Black "Protopopova, Anastasiya"]
[Result "0-1"]
[WhiteTitle "WFM"]
[BlackTitle "WFM"]
[WhiteElo "2343"]
[BlackElo "2267"]
[WhiteTeam "SK Tolpar (Respublika Bashkortostan)"]
[BlackTeam "Moskovskaya oblast"]
[WhiteFideId "34104868"]
[BlackFideId "24172073"]
[EventDate "2020.11.19"]

1. d4 Nf6 2. c4 e6 3. Nc3 Bb4 4. e3 O-O 5. Ne2 Re8 6. a3 Bf8 7. Ng3 d5 8. cxd5
exd5 9. b4 b6 10. Be2 c5 11. bxc5 bxc5 12. dxc5 Na6 13. c6 Qd6 14. Bb2 Rb8 15.
Nb5 Qxc6 16. Nxa7 Qc7 17. Bxf6 Qxa7 18. Bd4 Nc5 19. O-O Qa5 20. Nh5 Nb3 21. Rb1
Qxa3 22. Bd3 Bd7 23. Bb2 Qb4 24. Nf4 Qd6 25. Bc2 Nc5 26. Qh5 h6 27. Rfd1 Na4 28.
Rxd5 Qc7 29. Bxa4 Bxa4 30. Rd2 Bc2 31. Nd5 Qc4 32. Rd4 Qa2 33. Rf1 Qxb2 34. h4
Rbd8 35. Qg4 Kh8 36. Qf3 Qb7 37. Rc1 Bb3 38. e4 Bxd5 39. exd5 Bd6 40. g4 Qb2 41.
Rdc4 Qe5 42. Kf1 Kg8 43. Rc6 Qe4 44. Kg2 Qxf3+ 45. Kxf3 Be7 46. Rd1 Bxh4 47. Rc2
Rd6 48. Rcd2 Rf6+ 49. Kg2 Bg5 50. Rc2 Bf4 51. Ra2 g5 52. Kf3 Rd6 53. Re2 Red8
54. Ke4 Kg7 55. Ra2 Kf6 56. Ra5 Re8+ 57. Kd3 Re5 58. Kc4 Re2 59. f3 Rf2 60. Rd3
Rc2+ 61. Kb3 Rd2 62. Kc4 Rxd3 63. Kxd3 Ke5 64. Kc4 f5 65. Ra8 fxg4 66. Re8+ Kf5
67. Rf8+ Kg6 68. fxg4 h5 69. gxh5+ Kxh5 70. Kc5 Rg6 71. Re8 g4 72. Rh8+ Kg5 73.
Kd4 g3 74. Rh1 g2 75. Rg1 Kf5 0-1

[Event "TCh-RUS Women 2020"]
[Site "Sochi RUS"]
[Date "2020.11.20"]
[Round "2.2"]
[Board "4"]
[White "Dordzhieva, Dinara"]
[Black "Smirnova, Ekaterina"]
[Result "1/2-1/2"]
[WhiteTitle "WGM"]
[BlackTitle "WIM"]
[WhiteElo "2352"]
[BlackElo "2239"]
[WhiteTeam "FShM (Moskva)"]
[BlackTeam "Moskovskaya oblast"]
[WhiteFideId "24157570"]
[BlackFideId "4110943"]
[EventDate "2020.11.19"]

1. d4 d5 2. c4 c6 3. Nf3 Nf6 4. g3 Bf5 5. Nc3 e6 6. Nh4 Be4 7. f3 Bg6 8. Qb3 Qb6
9. Nxg6 hxg6 10. c5 Qc7 11. Bf4 Qc8 12. e4 Nh5 13. O-O-O Nxf4 14. gxf4 Be7 15.
Bd3 Nd7 16. Rde1 Qc7 17. Kb1 dxe4 18. fxe4 O-O-O 19. Bc2 Nf6 20. Qa4 Kb8 21. e5
Nd5 22. Ne4 Nxf4 23. Nd6 Bxd6 24. exd6 Qd7 25. Re3 Rh4 26. Ra3 a6 27. Rb3 Ka7
28. Re1 Rdh8 29. Be4 Rxh2 30. Rb6 Nd5 31. Bxd5 exd5 32. Rxa6+ bxa6 33. Re7 Rh1+
34. Kc2 R1h2+ 35. Kb1 Rh1+ 36. Kc2 R1h2+ 37. Kb1 1/2-1/2

[Event "TCh-RUS Women 2020"]
[Site "Sochi RUS"]
[Date "2020.11.20"]
[Round "2.4"]
[Board "2"]
[White "Gubernatorova, Lyudmila"]
[Black "Semenova, Elena1"]
[Result "0-1"]
[BlackTitle "WIM"]
[WhiteElo "2200"]
[BlackElo "2299"]
[WhiteTeam "NIU BelGU (Belgorodskaya oblast)"]
[BlackTeam "Achimgaz QNAO (QNAO)"]
[WhiteFideId "4123840"]
[BlackFideId "24125148"]
[EventDate "2020.11.19"]

1. d4 Nf6 2. c4 e6 3. Nf3 b6 4. Nc3 Bb4 5. Bg5 h6 6. Bh4 g5 7. Bg3 Ne4 8. Qc2
Bxc3+ 9. bxc3 Bb7 10. e3 d6 11. Bd3 Nxg3 12. fxg3 g4 13. Nh4 Qg5 14. O-O Qxe3+
15. Kh1 Nd7 16. a4 a5 17. Rf4 O-O-O 18. Rxg4 Kb8 19. Rf4 f5 20. Raf1 Bc6 21. Qb1
Qd2 22. d5 exd5 23. Nf3 Qxc3 24. Nd4 Bb7 25. cxd5 Bxd5 26. Bxf5 Nc5 27. Qb5 Ka8
28. Nc6 Rde8 29. Bd7 Re1 30. Ne7 Rxe7 31. Bc6+ Bxc6 32. Qxc6+ Ka7 33. h3 Ne4 0-1

[Event "TCh-RUS Women 2020"]
[Site "Sochi RUS"]
[Date "2020.11.21"]
[Round "3.2"]
[Board "2"]
[White "Gritsayeva, Oksana"]
[Black "Bivol, Alina"]
[Result "1/2-1/2"]
[WhiteTitle "WFM"]
[BlackTitle "WGM"]
[WhiteElo "2351"]
[BlackElo "2373"]
[WhiteTeam "Kimmeriya (Respublika Krym)"]
[BlackTeam "FShM (Moskva)"]
[WhiteFideId "14104652"]
[BlackFideId "4100123"]
[EventDate "2020.11.19"]

1. d4 Nf6 2. Bf4 g6 3. Nc3 d5 4. e3 Bg7 5. h4 h5 6. Nf3 Bg4 7. Be2 c6 8. Ne5
Bxe2 9. Qxe2 Nbd7 10. O-O-O Qa5 11. Kb1 Nb6 12. e4 Rc8 13. f3 Qa6 14. Qf2 dxe4
15. Nxe4 Nxe4 16. fxe4 Nc4 17. Nxc4 Qxc4 18. g4 hxg4 19. Qg3 Qe6 20. Bg5 Rd8 21.
Qe3 Rh5 22. c3 Bf6 23. Rhf1 Bxg5 24. hxg5 Rd5 25. Qf4 Rd8 26. Rde1 Rh7 27. Rg1
b5 28. Rxg4 b4 29. Rg3 bxc3 30. Rxc3 Rxd4 31. Qb8+ Rd8 32. Qxa7 Rh1 33. Rcc1
Rxe1 34. Rxe1 Qc4 35. a3 Rd2 36. Qb8+ Kd7 37. Qb7+ Ke6 38. Qc8+ Ke5 39. Qh8+ Ke6
40. Qc8+ Ke5 41. Qb8+ Ke6 42. Qc7 Qxe4+ 1/2-1/2

[Event "TCh-RUS Women 2020"]
[Site "Sochi RUS"]
[Date "2020.11.21"]
[Round "3.2"]
[Board "4"]
[White "Potapova, Margarita"]
[Black "Dordzhieva, Dinara"]
[Result "1-0"]
[WhiteTitle "WIM"]
[BlackTitle "WGM"]
[WhiteElo "2266"]
[BlackElo "2352"]
[WhiteTeam "Kimmeriya (Respublika Krym)"]
[BlackTeam "FShM (Moskva)"]
[WhiteFideId "14126869"]
[BlackFideId "24157570"]
[EventDate "2020.11.19"]

1. d4 Nf6 2. c4 c5 3. d5 e6 4. Nc3 exd5 5. cxd5 d6 6. Nf3 g6 7. Bf4 Bg7 8. Qa4+
Bd7 9. Qb3 b5 10. Bxd6 Qb6 11. Be5 O-O 12. e3 c4 13. Qd1 b4 14. Nb1 Rc8 15. Nbd2
Bb5 16. Rc1 c3 17. bxc3 bxc3 18. Rxc3 Rxc3 19. Bxc3 Bxf1 20. Nxf1 Nbd7 21. Ng3
Qb5 22. Ne2 Qxd5 23. Qxd5 Nxd5 24. Bxg7 Kxg7 25. Kd2 N7f6 26. Rb1 Rc8 27. Nfd4
Ne4+ 28. Ke1 Nc5 29. Kd2 Ne4+ 30. Ke1 Nc5 31. a3 Kf6 32. h3 h5 33. Rd1 a6 34.
Nf3 Ne7 35. Rd6+ Kg7 36. g4 hxg4 37. hxg4 Rb8 38. Nd2 Rb2 39. Nc3 f5 40. gxf5
gxf5 41. Kd1 Nb3 42. Na4 Rxd2+ 43. Rxd2 Nxd2 44. Kxd2 Kf6 45. Kd3 Ke5 46. Nc3
Kd6 47. Kc4 Nc6 48. f4 Na5+ 49. Kb4 Nc6+ 50. Kc4 Na5+ 51. Kd3 Nb7 52. Ne2 Kd5
53. Ng3 Nd6 54. Nxf5 Nxf5 55. e4+ Ke6 56. exf5+ Kxf5 57. Ke3 Kf6 58. Ke4 Ke6 59.
a4 a5 1-0

[Event "TCh-RUS Women 2020"]
[Site "Sochi RUS"]
[Date "2020.11.21"]
[Round "3.3"]
[Board "2"]
[White "Lysenko, Margarita"]
[Black "Yakimova, Mariya"]
[Result "0-1"]
[WhiteTitle "WFM"]
[BlackTitle "WFM"]
[WhiteElo "2237"]
[BlackElo "2244"]
[WhiteTeam "Moskovskaya oblast"]
[BlackTeam "Ladya (Respublika Tatarstan)"]
[WhiteFideId "34100200"]
[BlackFideId "34188859"]
[EventDate "2020.11.19"]

1. d4 f5 2. c4 Nf6 3. Nf3 e6 4. Nc3 d5 5. e3 c6 6. Bd3 Bd6 7. O-O O-O 8. b3 Ne4
9. Ne2 Qe7 10. Bb2 b6 11. Ne5 Bb7 12. cxd5 exd5 13. f3 Ng5 14. Ng3 g6 15. Rc1 c5
16. f4 Ne6 17. Ne2 Nc6 18. Kh1 Rac8 19. Nxc6 Bxc6 20. dxc5 bxc5 21. Ng1 Qb7 22.
Nf3 Rfd8 23. Ne5 Bxe5 24. Bxe5 c4 25. Be2 d4 26. exd4 Bxg2+ 27. Kg1 Bxf1 28.
Bxf1 Qe4 29. Bxc4 Kf8 30. Qd2 Nxd4 31. Qb4+ Ke8 32. Qa4+ Nc6 33. Rf1 Rd2 34. Rf2
Qe1+ 35. Rf1 Qe3+ 0-1

[Event "TCh-RUS Women 2020"]
[Site "Sochi RUS"]
[Date "2020.11.21"]
[Round "3.3"]
[Board "4"]
[White "Lukina, Aleksandra"]
[Black "Artemyeva, Olga"]
[Result "1/2-1/2"]
[WhiteTitle "WFM"]
[BlackTitle "WFM"]
[WhiteElo "2060"]
[BlackElo "2069"]
[WhiteTeam "Moskovskaya oblast"]
[BlackTeam "Ladya (Respublika Tatarstan)"]
[WhiteFideId "24102270"]
[BlackFideId "4138422"]
[EventDate "2020.11.19"]

1. d4 d5 2. c4 c6 3. Nc3 Nf6 4. Nf3 dxc4 5. a4 Bf5 6. e3 e6 7. Bxc4 Bb4 8. O-O
O-O 9. Nh4 Bg6 10. Nxg6 hxg6 11. Qe2 Nbd7 12. Rd1 Qa5 13. Qc2 Rad8 14. Na2 Be7
15. b4 Qh5 16. Bb2 Bd6 17. h3 g5 18. e4 e5 19. d5 cxd5 20. Bxd5 Nxd5 21. exd5 g4
22. hxg4 Qxg4 23. Rd3 Nf6 24. Rg3 Qe4 25. Qxe4 Nxe4 26. Re3 Nf6 27. Bxe5 Bxe5
28. Rxe5 Rxd5 29. Rxd5 Nxd5 30. Rd1 Nf6 31. Nc3 Rc8 32. Nb5 a6 33. Nd6 Rd8 34.
Rd4 Ne8 35. Nf5 Rxd4 36. Nxd4 Nd6 37. f3 Kf8 38. Kf2 Ke7 39. Nb3 Kd7 40. Ke3
Nc4+ 41. Kd4 Nd6 42. g4 Kc6 43. Nc5 Ne8 44. Ne4 Nc7 45. Ng5 f6 46. Ne4 b5 47.
axb5+ Kxb5 48. Kc3 Nd5+ 49. Kb3 Nxb4 50. Nd6+ Kc5 51. Ne4+ Kd4 52. Kxb4 Ke3 53.
Nd6 Kxf3 54. Ne8 Kxg4 55. Nxg7 Kg5 56. Ka5 Kg6 57. Ne6 f5 58. Kxa6 Kf6 59. Nf4
Ke5 60. Ng6+ Ke4 61. Kb5 f4 62. Nxf4 Kxf4 1/2-1/2

[Event "TCh-RUS Women 2020"]
[Site "Sochi RUS"]
[Date "2020.11.21"]
[Round "3.5"]
[Board "1"]
[White "Zherebtsova, Alexandra"]
[Black "Grigorieva, Yulia"]
[Result "1-0"]
[WhiteTitle "WFM"]
[BlackTitle "WFM"]
[WhiteElo "2204"]
[BlackElo "2343"]
[WhiteTeam "Amazonki QDDA (Kurskaya oblast)"]
[BlackTeam "SK Tolpar (Respublika Bashkortostan)"]
[WhiteFideId "24129518"]
[BlackFideId "34104868"]
[EventDate "2020.11.19"]

1. d4 Nf6 2. c4 g6 3. Nc3 d5 4. cxd5 Nxd5 5. Na4 Nf6 6. Nf3 Bg7 7. Bf4 O-O 8. e3
Nd5 9. Bg3 c6 10. Qd2 Bg4 11. Ne5 Bf5 12. Be2 f6 13. Nf3 Nd7 14. O-O e5 15. dxe5
fxe5 16. Bc4 Be4 17. Nc3 Bxf3 18. gxf3 Nb6 19. Bb3 Kh8 20. Nxd5 cxd5 21. Rfd1 d4
22. Qe2 Qg5 23. Rac1 Qh5 24. exd4 Rxf3 25. Re1 Raf8 26. dxe5 Qg5 27. e6 Bd4 28.
e7 Rxg3+ 29. Kh1 Rgf3 30. Qxf3 Rxf3 31. e8=Q+ Kg7 32. Rc7+ Kh6 33. Qg8 Qf5 34.
Qxh7+ Kg5 35. Rg1+ Kf4 36. Rf7 Bf6 37. Qxg6 Qxg6 38. Rxg6 Ke5 39. Kg2 Rf4 40.
Rxb7 Bh4 41. f3 1-0

[Event "TCh-RUS Women 2020"]
[Site "Sochi RUS"]
[Date "2020.11.21"]
[Round "3.5"]
[Board "2"]
[White "Baiburina, Kamilla"]
[Black "Doroshenko, Diana"]
[Result "1/2-1/2"]
[BlackTitle "WIM"]
[WhiteElo "1805"]
[BlackElo "2204"]
[WhiteTeam "SK Tolpar (Respublika Bashkortostan)"]
[BlackTeam "Amazonki QDDA (Kurskaya oblast)"]
[WhiteFideId "34109584"]
[BlackFideId "4176766"]
[EventDate "2020.11.19"]

1. c4 Nf6 2. g3 c5 3. Bg2 d5 4. cxd5 Nxd5 5. Nc3 Nc7 6. Nf3 Nc6 7. O-O e5 8. d3
Be7 9. Nd2 Bd7 10. Nc4 f6 11. f4 b5 12. Ne3 Rc8 13. Ned5 Nxd5 14. Nxd5 O-O 15.
e4 Kh8 16. Be3 Bd6 17. Rc1 Nd4 18. Qd2 a5 19. Kh1 a4 20. f5 b4 21. g4 b3 22. a3
Nc2 23. Rfd1 Rg8 24. Bf2 g6 25. Bh4 g5 26. Bf2 Kg7 27. h4 h6 28. Bf3 Bb5 29. Kg2
Bb8 30. Ne3 Nd4 31. h5 Rf8 32. Nd5 Rf7 33. Nc3 Be8 34. Nd5 Rd7 35. Ne3 Qc7 36.
Nc4 Rcd8 37. Qe3 Ba7 38. Be2 Bf7 39. Bf3 Nc2 40. Qe2 Rxd3 41. Rxd3 Bxc4 42. Rd7+
Qxd7 43. Qxc4 Qd2 44. Be2 Qd7 45. Rd1 Nd4 46. Qa6 Rb8 47. Bc4 Qb7 48. Qxb7+ Rxb7
49. Bd5 Rc7 50. Bc4 Bb6 51. Be1 Kf8 52. Kf2 Ke7 53. Bc3 Ra7 54. Bd2 Kd6 55. Bd5
Rc7 56. Bc4 Kc6 57. Bc3 Re7 58. Ke3 Bc7 59. Bxd4 exd4+ 60. Kd3 Bf4 61. Rf1 Kb6
62. Rd1 Be3 63. Rf1 Kc6 64. Rd1 Kd6 65. Rf1 Rb7 66. Bd5 Rb8 67. Rd1 Ke5 68. Rf1
c4+ 69. Bxc4 Rc8 70. Rf3 Bc1 71. Rf2 Rc7 72. Re2 Be3 73. Bb5 Ra7 74. Re1 Kf4 75.
Rf1+ Kxg4 76. e5 fxe5 77. f6 Rf7 78. Ke4 Bf4 79. Rg1+ Bg3 80. Be2+ Kh3 81. Bf1+
Kg4 82. Be2+ Kh3 1/2-1/2

[Event "TCh-RUS Women 2020"]
[Site "Sochi RUS"]
[Date "2020.11.21"]
[Round "3.5"]
[Board "4"]
[White "Absalyamova, Karina"]
[Black "Mukhina, Jana"]
[Result "0-1"]
[BlackTitle "WFM"]
[WhiteElo "1884"]
[BlackElo "2012"]
[WhiteTeam "SK Tolpar (Respublika Bashkortostan)"]
[BlackTeam "Amazonki QDDA (Kurskaya oblast)"]
[WhiteFideId "24111732"]
[BlackFideId "34115428"]
[EventDate "2020.11.19"]

1. d4 d5 2. c4 Nc6 3. Nf3 Bg4 4. e3 e5 5. dxe5 dxc4 6. Qa4 Bxf3 7. gxf3 Qd5 8.
e4 Qxe5 9. Bxc4 Bb4+ 10. Nd2 Bxd2+ 11. Bxd2 Qxb2 12. Rc1 Rd8 13. Rc2 Qf6 14. Be2
Ne7 15. O-O Rxd2 16. Rxd2 Qg5+ 17. Kh1 Qxd2 18. Bc4 Qc3 19. Kg2 Ng6 20. Be2 Nf4+ 0-1

[Event "TCh-RUS Women 2020"]
[Site "Sochi RUS"]
[Date "2020.11.22"]
[Round "4.1"]
[Board "1"]
[White "Pogonina, Natalija"]
[Black "Shuvalova, Polina"]
[Result "1/2-1/2"]
[WhiteTitle "WGM"]
[BlackTitle "IM"]
[WhiteElo "2475"]
[BlackElo "2454"]
[WhiteTeam "Yugra (KhMAO-Yugra)"]
[BlackTeam "FShM (Moskva)"]
[WhiteFideId "4147855"]
[BlackFideId "24171760"]
[EventDate "2020.11.19"]

1. d4 Nf6 2. c4 e6 3. g3 c5 4. d5 exd5 5. cxd5 d6 6. Nc3 g6 7. Bg2 Bg7 8. Nf3
O-O 9. O-O Re8 10. Bf4 Bf5 11. Nh4 Bc8 12. Qc1 a6 13. a4 Qe7 14. Re1 Nbd7 15.
Nf3 Rb8 16. a5 Ng4 17. h3 Nge5 18. Nxe5 Nxe5 19. Bh6 Bh8 20. Na4 b5 21. axb6 Bd7
22. Bg5 Qf8 23. Bh6 Bg7 24. Bxg7 Qxg7 25. f4 Nd3 26. exd3 Qd4+ 27. Kh2 Bxa4 28.
Rxe8+ Bxe8 29. Rxa6 Qxd3 30. Qa1 Qb5 31. b7 Qd7 32. Qe1 Qxb7 33. Rxd6 Qxb2 34.
Qe7 c4 35. Rd8 Rxd8 36. Qxd8 Qb5 37. Qc7 Bd7 38. g4 Qa4 39. Qb8+ Kg7 40. Qe5+
Kg8 41. Qb8+ Kg7 42. Qc7 h6 43. Qe5+ Kg8 44. f5 g5 45. Qc7 Kg7 46. Qe5+ Kg8 47.
Qb8+ Kg7 48. f6+ Kxf6 49. Qh8+ Ke7 50. Qxh6 Qb4 51. Qxg5+ Ke8 52. Qe5+ Qe7 53.
Qb8+ Qd8 54. Qf4 Bb5 55. d6 f6 56. Bd5 Qa5 57. Qe3+ Kd8 58. Qe7+ Kc8 59. Qe6+
Kd8 60. Qxf6+ Kd7 61. Qe7+ Kc8 62. Qe6+ Kd8 63. Qe7+ Kc8 64. Be6+ Kb8 65. Qf8+
Ka7 66. Qg7+ Kb8 67. Qh8+ Ka7 68. Qd4+ Qb6 69. Qxb6+ Kxb6 70. h4 c3 71. Bf5 Bd7
72. Bc2 Bxg4 73. Kg3 Bh5 74. Kf4 Kc6 75. Ke5 Kd7 76. Ba4+ Kd8 77. Kd4 Be8 78.
Bc2 Kd7 79. Kc5 Bh5 80. Bf5+ Kd8 81. Kd4 Bg4 82. Bc2 Kd7 83. Ke5 Bh5 84. Ba4+
Kd8 85. Kf6 Be8 86. Bb3 Kd7 87. Ke5 Bg6 88. Ba4+ Kd8 1/2-1/2

[Event "TCh-RUS Women 2020"]
[Site "Sochi RUS"]
[Date "2020.11.22"]
[Round "4.1"]
[Board "2"]
[White "Kovalevskaya, Ekaterina"]
[Black "Girya, Olga"]
[Result "1-0"]
[WhiteTitle "IM"]
[BlackTitle "WGM"]
[WhiteElo "2386"]
[BlackElo "2469"]
[WhiteTeam "FShM (Moskva)"]
[BlackTeam "Yugra (KhMAO-Yugra)"]
[WhiteFideId "4116704"]
[BlackFideId "4195752"]
[EventDate "2020.11.19"]

1. e4 c6 2. d4 d5 3. exd5 cxd5 4. c4 Nf6 5. Nc3 Nc6 6. Nf3 a6 7. c5 Bg4 8. Be2
g6 9. O-O Bg7 10. Be3 e6 11. h3 Bxf3 12. Bxf3 Ng8 13. b4 Nge7 14. b5 axb5 15.
Nxb5 Nf5 16. Bg4 Nxe3 17. fxe3 O-O 18. a4 e5 19. Ra3 Qe7 20. Bf3 Rad8 21. a5 f5
22. a6 exd4 23. Nd6 dxe3 24. Qxd5+ Kh8 25. axb7 Nb8 26. Rd3 Rd7 27. c6 Rc7 28.
Nc8 Rcxc8 29. bxc8=Q Rxc8 30. Qd6 Qa7 31. Re1 Nxc6 32. Bxc6 e2+ 33. Kh2 Qf2 34.
Qg3 Qxg3+ 35. Kxg3 Be5+ 36. Kf3 Rxc6 37. Rxe2 Rc5 38. Rd7 Kg8 39. Ra2 Rc3+ 40.
Ke2 Rc8 41. Raa7 Bf6 42. Rxh7 Rc2+ 43. Kd1 Ra2 44. Rhb7 Rxa7 45. Rxa7 Bg7 46.
Ke2 Kh7 47. Kd3 Kh6 48. Kc4 Be5 49. Kd5 Bg3 50. Ke6 f4 51. Kf7 g5 52. Ra6+ Kh7
53. Kf6 Kh6 54. Kf5+ Kh5 55. Ra8 Kh6 56. Rh8+ Kg7 57. Rh5 1-0

[Event "TCh-RUS Women 2020"]
[Site "Sochi RUS"]
[Date "2020.11.22"]
[Round "4.1"]
[Board "3"]
[White "Badelka, Olga"]
[Black "Bivol, Alina"]
[Result "1/2-1/2"]
[WhiteTitle "IM"]
[BlackTitle "WGM"]
[WhiteElo "2427"]
[BlackElo "2373"]
[WhiteTeam "Yugra (KhMAO-Yugra)"]
[BlackTeam "FShM (Moskva)"]
[WhiteFideId "13509926"]
[BlackFideId "4100123"]
[EventDate "2020.11.19"]

1. d4 Nf6 2. c4 g6 3. Nf3 Bg7 4. g3 d5 5. cxd5 Nxd5 6. Bg2 Nb6 7. O-O Nc6 8. e3
O-O 9. Nc3 Re8 10. h3 a5 11. d5 Nb4 12. e4 c6 13. a3 Na6 14. Be3 Nc4 15. Bd4 e5
16. dxe6 Bxe6 17. Bxg7 Qxd1 18. Rfxd1 Kxg7 19. b3 Nb6 20. Nd4 a4 21. Nxe6+ Rxe6
22. Rab1 axb3 23. Rxb3 Nc8 24. a4 Nc5 25. Rb4 Ra7 26. Rd8 Ne7 27. f4 Na6 28. Rb1
Nc5 29. h4 Ng8 30. Rb4 h5 31. Rc4 Ra5 32. Bh3 Re7 33. Kf2 Nf6 34. Kf3 Re8 35.
Rdd4 Rea8 36. e5 Ng8 37. Rb4 Ne7 38. Ke2 Kf8 39. Kd1 R5a7 40. Kc2 Ne6 41. Rd7
Nc5 1/2-1/2

[Event "TCh-RUS Women 2020"]
[Site "Sochi RUS"]
[Date "2020.11.22"]
[Round "4.1"]
[Board "4"]
[White "Voit, Daria"]
[Black "Kovanova, Baira"]
[Result "1/2-1/2"]
[WhiteTitle "WGM"]
[BlackTitle "WGM"]
[WhiteElo "2353"]
[BlackElo "2323"]
[WhiteTeam "FShM (Moskva)"]
[BlackTeam "Yugra (KhMAO-Yugra)"]
[WhiteFideId "4182146"]
[BlackFideId "4164083"]
[EventDate "2020.11.19"]

1. c4 Nf6 2. Nc3 e5 3. g3 d5 4. cxd5 Nxd5 5. Bg2 Nb6 6. Nf3 Nc6 7. O-O Be7 8. d3
O-O 9. Be3 Be6 10. a3 Nd5 11. Nxd5 Bxd5 12. Rc1 Re8 13. Nd2 Bxg2 14. Kxg2 Nd4
15. Re1 c6 16. Kg1 Qd7 17. Qa4 Ne6 18. Nc4 Bf6 19. Na5 h5 20. Qb4 Re7 21. Qe4
Nd4 22. Bxd4 exd4 23. Qf3 Re5 24. b4 Bg5 25. Rc2 Rf5 26. Qg2 Rxf2 27. Kxf2 Be3+
28. Kf1 Qf5+ 29. Qf3 Qh3+ 30. Qg2 Qf5+ 31. Qf3 Qh3+ 32. Qg2 1/2-1/2